000 00411nam a2200145Ia 4500
008 220217s9999||||xx |||||||||||||| ||und||
020 _a81-7808-932-7
082 _a371.102 LIN
100 _aLinn, Robert, L Gronlund, Norman, E
_93379
245 0 _aMeasurement and assessment in teaching
250 _a8th
260 _aPearson education asia
_bDelhi
_c2003
300 _b295
650 _aGENERAL BOOKS
999 _c171533
_d171533